Lethal warriors : (Record no. 14405)

000 -LEADER
fixed length control field 01842nam a2200361 a 4500
001 - CONTROL NUMBER
control field ASIN0230120695
005 - DATE AND TIME OF LATEST TRANSACTION
control field 20170105102854.0
008 - FIXED-LENGTH DATA ELEMENTS--GENERAL INFORMATION
fixed length control field 130822s2012 xxu eng d
020 ## - INTERNATIONAL STANDARD BOOK NUMBER
International Standard Book Number 0230120695 (paperback)
Terms of availability $17.00
020 ## - INTERNATIONAL STANDARD BOOK NUMBER
International Standard Book Number 9780230120693 (paperback)
040 ## - CATALOGING SOURCE
Original cataloging agency 0
050 04 - LIBRARY OF CONGRESS CALL NUMBER
Classification number RC552.P67
050 04 - LIBRARY OF CONGRESS CALL NUMBER
Classification number RC552.P67
082 04 - DEWEY DECIMAL CLASSIFICATION NUMBER
Classification number 616.85212
100 1# - MAIN ENTRY--PERSONAL NAME
Personal name Philipps, David.
245 10 - TITLE STATEMENT
Title Lethal warriors :
Remainder of title when the new band of brothers came home /
Statement of responsibility, etc. David Philipps.
250 ## - EDITION STATEMENT
Edition statement Reprint ed.
260 ## - PUBLICATION, DISTRIBUTION, ETC.
Place of publication, distribution, etc. [S.l.] :
Name of publisher, distributor, etc. Palgrave Macmillan,
Date of publication, distribution, etc. 2012.
300 ## - PHYSICAL DESCRIPTION
Extent 288 p. ;
Dimensions 23 cm.
520 ## - SUMMARY, ETC.
Summary, etc. Pulitzer Prize finalist David Philipps brings to life the chilling story of how today’s American heroes are slipping through the fingers of society—with multiple tours of duty and inadequate mental-health support creating a crisis of PTSD and a large-scale failure of veterans to reintegrate into society. Following the frightening narrative of the 506th Infantry Regiment—who had rebranded themselves as the Lethal Warriors after decades as the Band of Brothers—he reveals how the painful realities of war have multiplied in recent years, with tragic outcomes for America’s soldiers, compounded by an indifferent government and a shrinking societal safety net.
650 #0 - SUBJECT ADDED ENTRY--TOPICAL TERM
Topical term or geographic name entry element Iraq War (2003-2011)
650 #0 - SUBJECT ADDED ENTRY--TOPICAL TERM
Topical term or geographic name entry element Iraq War (2003-2011)
650 #0 - SUBJECT ADDED ENTRY--TOPICAL TERM
Topical term or geographic name entry element Post-traumatic stress disorder
650 #0 - SUBJECT ADDED ENTRY--TOPICAL TERM
Topical term or geographic name entry element Post-traumatic stress disorder
650 #0 - SUBJECT ADDED ENTRY--TOPICAL TERM
Topical term or geographic name entry element United States. Army. Parachute Infantry Regiment, 506th
650 #0 - SUBJECT ADDED ENTRY--TOPICAL TERM
Topical term or geographic name entry element United States. Army. Parachute Infantry Regiment, 506th
650 #0 - SUBJECT ADDED ENTRY--TOPICAL TERM
Topical term or geographic name entry element Veterans--Mental health
650 #0 - SUBJECT ADDED ENTRY--TOPICAL TERM
Topical term or geographic name entry element Veterans--Mental health
650 #0 - SUBJECT ADDED ENTRY--TOPICAL TERM
Topical term or geographic name entry element War neuroses
650 #0 - SUBJECT ADDED ENTRY--TOPICAL TERM
Topical term or geographic name entry element War neuroses
856 40 - ELECTRONIC LOCATION AND ACCESS
Materials specified Amazon.com
Uniform Resource Identifier <a href="http://www.amazon.com/exec/obidos/ASIN/0230120695/chopaconline-20">http://www.amazon.com/exec/obidos/ASIN/0230120695/chopaconline-20</a>
942 ## - ADDED ENTRY ELEMENTS (KOHA)
Source of classification or shelving scheme
Koha item type Book
Holdings
Withdrawn status Lost status Damaged status Not for loan Collection code Permanent Location Current Location Shelving location Date acquired Total Checkouts Total Renewals Full call number Barcode Checked out Date last seen Price effective from Koha item type
          Central Library (CL) Central Library (CL) General Stacks 08/22/2013   1 616.85212 PHI 2010 CIPS0000830 11/25/2023 08/22/2013 08/22/2013 Book
© 2023 Central Library, National University of Sciences and Technology. All Rights Reserved.